000 00895cad a22002175a 4500
001 E145348
008 081001s2008 xxk 000 0 eng u
035 _a(Sirsi) u145348
041 0 _aeng
050 0 4 _a333.33 $2 18
110 2 _aCB Richard Ellis
_93675
245 0 0 _aScottish offices, market view
_bH1 2008
_h[electronic resource]
260 _a[Scotland]
_bCB Richard Ellis
_c2008
490 0 _aScottish Offices Market View
_vH1 2008
520 _aLooks at the office market in Scotland, with detailed analysis of the markets in Edinburgh, Glasgow and Aberdeen. Graphs show take up, availability, transactions and yields for the first half of 2008.
590 _aKA
651 4 _aScotland
_y1999-
690 _aPROPERTY-COMMERCIAL PROPERTY-OFFICE PROPERTY-OFFICE PROPERTY MARKET
856 4 0 _uhttps://www.cbre.co.uk
_zView the report free of charge at www.cbre.co.uk...
942 _n0
999 _c108767
_d108767